Carnival of Darkness: Seduction and power in Henry James the turn of the screw

Guardado en:
Bibliografiske detaljer
Hovedforfatter: Miranda Vargas, María del Rocío
Format: Bog
Sprog:English
Udgivet: San José, Costa Rica Universidad de Costa Rica, Sistema de Estudios de Posgrado 1998
Fag:
Tags: Tilføj Tag
Ingen Tags, Vær først til at tagge denne postø!

MARC

LEADER 00000nam a2200000Ia 4500
008 170316s9999 xx 000 0 eng d
999 |c 14265  |d 14265 
040 |a cru BVZT 
090 |a Tesis 611 
100 |a Miranda Vargas, María del Rocío 
245 |a Carnival of Darkness: Seduction and power in Henry James the turn of the screw 
260 |a San José, Costa Rica 
260 |b Universidad de Costa Rica, Sistema de Estudios de Posgrado 
260 |c 1998 
300 |a 194 páginas 
650 |a MAESTRÍA EN LITERATURA 
650 |a TRABAJO FINAL DE GRADUACIÓN  |9 237 
942 |c TFG  |h Tesis 611  |2 z